LEADER 01037nam a2200241 i 4500 001 000000249995 003 CaOOAMICUS 005 20160708000000.0 008 160708s1857 it u000 u ita u 013 $a228900 040 $aSeMil$bita 100 1 $aMarzuttini, Giuseppe Onorio <1802-1849>.$0(OLS)http://semarc/name/1298 245 10$aNotizie riguardanti personaggi e avvenimenti celebri /$craccolte da Onorio Marzuttini. 260 $aNapoli :$bA spese della Società Editrice,$c1857. 300 $a86 p. ;$c21 cm. 500 $aLascito Card. C.M. Martini. - Legato con 2A-III-65 FA. 650 4$aUomini e donne celebri.$0(OLS)http://semarc/subject/42933 850 $aSeMil 852 $aSeMil$W1$xVenegono$y1$m2A III 67 FA$j200341$B200341$CSeMilBibl$Z2$F212171 $8I 941 1 $a4 961 $aLascito: Martini Card. Carlo Maria 996 $6245$aNotizie riguardanti personaggi e avvenimenti celebri$9(OLS)http://semarc/title/352168 996 $6260$aNapoli :$bA spese della Società Editrice$9(OLS)http://semarc/publisher/34411 LEADER 00763nam a2200181 i 4500 001 000000213042 003 CaOOAMICUS 005 20210420140953.0 008 120509s1670 ne u000 u lat u 013 $a191892 026 $ae-4. e-o- s.ra raau (C) 1670 (R) 040 $aSeMil$bita 245 10$aPars altera. 773 0 $aLucanus, Marcus Annaeus, <39-65>$tM. Annaei Lucani De bello civili, pars prima [-altera], cum Hugonis Grotii, Farnabii notis integris & variorum selectissimis; accurante Cornelio Schrevelio.$dLugduni : Sumptibus Claudii Bourgeat, 1670.$g2$w()26718 850 $aSeMil 852 $aSeMil$W1$xVenegono$y1$m1Y I 5 FA$j163472$B163472$CSeMilBibl$Z2$F174564 $8I 996 $6245$aPars altera$9(OLS)http://semarc/title/124026 LEADER 00931nas a2200241 i 4500 001 000000225343 003 CaOOAMICUS 005 20200224100015.0 008 131127b2013 ag uu u0 0spa r 013 $a204245 040 $aSeMil$bita 245 10$aA. D. 2013 : [Enero-Junio]. 260 $aBuenos Aires :$bFundación Universidad Católica Argentina,$c2013. 300 $a235 p. ;$c25 cm. 500 $aContiene : Resúmenes [in inglese e in spagnolo]. 773 0 $tSapientia.$dBuenos Aires : [s.n.] $x0036-4703$w()2909 774 0 $t[vedi periodico].$w()280242 850 $aSeMil 852 $aSeMil$W1$xVenegono$y1$m60 5 45$j175689$B175689$CSeMilBibl$Z2$F191692 $85 961 $aCambio: Scuola Cattolica 996 $6245$aA. D. 2013 : [Enero-Junio]$9(OLS)http://semarc/title/322770 996 $6260$aBuenos Aires :$bFundación Universidad Católica Argentina$9(OLS)http://semarc/publisher/45338